000 00699nam a2200289Ia 4500
005 20260324131314.0
008 008 260324s9999 xx 000 0 eng d
020 _a9780203946909
037 _aEBOOK
040 _aCRL
040 _beng
040 _cCRL
041 _2eng
041 _aeng
084 _qCRL
100 _aMarthe Nyssens
_91185010
245 0 _aSocial Enterprise
245 0 _bAt the Crossroads of Market, Public Policies and Civil Society
260 _bTaylor and Francis
260 _c2006
365 _a
365 _b300
856 _uhttp://www.taylorfrancis.com/books/9780203946909
942 _cEBOOK
999 _c1782033
_d1782033